| 000 | 00385nam a2200145Ia 4500 | ||
|---|---|---|---|
| 005 | 20250729165722.0 | ||
| 008 | 250729s2011 xx 000 0 und d | ||
| 041 | _aeng | ||
| 082 | _a372.25 SAFM | ||
| 100 |
_aSafaya _9231309 |
||
| 245 | _aModern Theory and Principle of Education | ||
| 260 |
_aNewdelhi _bDanpat Rai Publication _c2011 |
||
| 300 | _a512p | ||
| 650 |
_aEducation _9231310 |
||
| 999 |
_c239217 _d239217 |
||